Código Aeronáutico : comentado y anotado /
Guardado en:
| Autor Principal: | |
|---|---|
| Otros Autores: | |
| Formato: | Libro |
| Idioma: | Spanish |
| Publicado: |
Buenos Aires :
Astrea,
2013.
|
| Edición: | 1a. ed. |
| Materias: | |
| Etiquetas: |
Agregar Etiqueta
Sin Etiquetas, Sea el primero en etiquetar este registro!
|
| LEADER | 00890nam a22001935a 4500 | ||
|---|---|---|---|
| 001 | DER.der014933 | ||
| 008 | 231129s2013####ag#||||||||||||||#||spa|| | ||
| 005 | 20241104130439.0 | ||
| 245 | 1 | 0 | |a Código Aeronáutico : |b comentado y anotado / |c Eduardo Néstor Balian ; prólogo de Angela Marina Donato. |
| 250 | |a 1a. ed. | ||
| 260 | |a Buenos Aires : |b Astrea, |c 2013. | ||
| 300 | |a 631 p. | ||
| 505 | 0 | |a Circulación aérea. Aeronaves. Personal aeronáutico. Trasporte de pasajeros, equipajes, mercancías y postal. Daños causados a pasajeros, equipajes o mercancías. Accidentes. Seguros. Infracciones y delitos. Convenios internacionales aplicables | |
| 020 | |a 9789505089994 | ||
| 100 | 1 | |a Balian, Eduardo N. | |
| 700 | 1 | |a Donato, Ángela Marina, |e prol. | |
| 650 | 7 | |a DERECHO DE LA NAVEGACION | |
| 859 | |a DERECHO |b BIB. DERECHO |h 343.097 |i BAL |p 009213 | ||
| 859 | |a DERECHO |b BIB. DERECHO |h 343.097 |i BAL |p 009252 |t 1 | ||
